000
00298nam a2200133Ia 4500
005
20251222144625.0
008
251222s9999||||xx |||||||||||||| ||spa||
082
_a
155.2/A43P
100
_a
Allport, Gordon W.
245
0
_a
La Personalidad:
250
_a
4a.ed.
264
_b
Herder
942
_c
LIB
999
_c
16075
_d
16075